Brice Marden (Record no. 11566)

MARC details
000 - LÍDER
campo de control de longitud fija 01002nam a2200217Ia 4500
008 - ELEMENTOS DE DATOS DE LONGITUD FIJA - INFORMACIÓN GENERAL
campo de control de longitud fija 0000002004 sz ad 0000000000mul00
090 ## - NÚMERO DE LLAMADA DE TIPO LC LOCALMENTE ASIGNADO (OCLC)
Número de clasificación (OCLC) (R) PUS00 B73b
245 10 - TÍTULO DECLARACIÓN
Título Brice Marden
Declaración de responsabilidad / edited by Eva Keller, Regula Malin
260 ## - PUBLICACIÓN, DISTRIBUCIÓN
Lugar de publicación Zurich : Daros Services AG
Fecha de publicación 2004
300 ## - DESCRIPCIÓN FÍSICA
Alcance 134 p.
Dimensiones / 28 cm.
500 ## - NOTA GENERAL
Nota general Incluye datos biográficos del artista \ Texto bilingue : español alemán \ Proyecto Ganador Programa Apoyos Concertados FGAA 2010
501 ## - Con nota
Con nota Brice Marden bei Daros = Brice Marden at Daros : I think of myself as a romantic artist / Eva Keller Ein Interview mit Brice Marden = An interview with Brice Marden / John Yan
600 00 - ENTRADA DE SUJETO AÑADIDO - NOMBRE PERSONAL
Nombre de la persona MARDEN, BRICE, 1938/
Subdivisión general TRABAJOS PICTORICOS
650 14 - ENTRADA DE SUJETO AÑADIDO - TÉRMINO TÓPICO
Término tópico o elemento de entrada del nombre geográfico ARTE CONTEMPORANEO ESTADOUNIDENSE
650 14 - ENTRADA DE SUJETO AÑADIDO - TÉRMINO TÓPICO
Término tópico o elemento de entrada del nombre geográfico ARTISTAS PLASTICOS ESTADOUNIDENSES
650 14 - ENTRADA DE SUJETO AÑADIDO - TÉRMINO TÓPICO
Subdivisión general CATALOGOS
650 14 - ENTRADA DE SUJETO AÑADIDO - TÉRMINO TÓPICO
Término tópico o elemento de entrada del nombre geográfico PINTORES ESTADOUNIDENSES
650 14 - ENTRADA DE SUJETO AÑADIDO - TÉRMINO TÓPICO
Término tópico o elemento de entrada del nombre geográfico PINTURA AL OLEO
650 14 - ENTRADA DE SUJETO AÑADIDO - TÉRMINO TÓPICO
Término tópico o elemento de entrada del nombre geográfico PINTURA ESTADOUNIDENSE
700 1# - ENTRADA AGREGADA - NOMBRE PERSONAL
Nombre de la persona Keller, Eva \ Malin, Regula \ Yan, John
Holdings
Estado de retirada Pérdida de estatus Estado dañado No para préstamo Código de recogida Ubicación permanente Ubicación actual Ubicación de las estanterías Fecha de adquisición Número de llamada completo Código de barras Fecha de la última vez que se vio Número de copia Precio efectivo desde Tipo de artículo Koha
        General ArtNexus ArtNexus General 06/09/2022 P-US-00 B73B 11677 06/09/2022 Ej.1 06/09/2022 Libro

Powered by Koha